000
00306nam a22001337a 4500
008
171021b xxu||||| |||| 00| 0 eng d
020
_a
9780133815344
041
_a
eng
080
_a
658
100
_a
54
101
_a
LIN
245
_a
THE ART AND SCIENCE OF LEADERSHIP
_c
NAHAVANDI, A
942
_2
udc
_c
BK
999
_c
35335
_d
35335